Trilogía del vagabundo / (Record no. 78030)

MARC details
000 -LEADER
campo de control de longitud fija 00857nam a2200253 i 4500
001 - NÚMERO DE CONTROL
campo de control 78030
003 - IDENTIFICADOR DE NÚMERO DE CONTROL
campo de control ES-MaACL
005 - FECHA Y HORA DE LA ÚLTIMA TRANSACCIÓN
campo de control 20230906173512.0
007 - CAMPO FIJO DE DESCRIPCIÓN FÍSICA--INFORMACIÓN GENERAL
campo de control de longitud fija t|
008 - DATOS DE LONGITUD FIJA--INFORMACIÓN GENERAL
campo de control de longitud fija 041008s1973 sp ||||1| spa d
020 ## - NÚMERO INTERNACIONAL ESTÁNDAR DEL LIBRO
Número Internacional Estándar del Libro 84-01-01038-X
080 ## - NÚMERO DE LA CLASIFICACIÓN DECIMAL UNIVERSAL
Número de la Clasificación Decimal Universal 821.113.5-31"18"
100 1# - ENTRADA PRINCIPAL--NOMBRE DE PERSONA
Nombre de persona Hamsun, Knut.
9 (RLIN) 61705
245 10 - MENCIÓN DEL TÍTULO
Título Trilogía del vagabundo /
Mención de responsabilidad, etc. Knut Hamsun ; [traducciones de F.C., Pedro Camacho, Luis Molins].
246 3# - FORMA VARIANTE DEL TITULO
Título propio/Titulo breve Bajo las estrellas de otoño
260 ## - PUBLICACIÓN, DISTRIBUCIÓN, ETC.
Lugar de publicación, distribución, etc. [Barcelona] :
Nombre del editor, distribuidor, etc. Plaza & Janés,
Fecha de publicación, distribución, etc. [1973] (
Fabricante Guada)
300 ## - DESCRIPCIÓN FÍSICA
Extensión 637 p. ;
Dimensiones 18 cm.
505 8# - NOTA DE CONTENIDO CON FORMATO
Nota de contenido con formato Contiene: Bajo las estrellas de otoño ; Un vagabundo toca con sordina ; La última alegría
700 1# - ENTRADA AGREGADA--NOMBRE PERSONAL
Nombre de persona Camacho, Pedro.
9 (RLIN) 33964
700 1# - ENTRADA AGREGADA--NOMBRE PERSONAL
Nombre de persona Molins Correa, Luis.
9 (RLIN) 82019
740 32 - ENTRADA AGREGADA--TÍTULO RELACIONADO/ANALÍTICO NO CONTROLADO
Título relacionado o analítico no controlado Un vagabundo toca con sordina.
740 32 - ENTRADA AGREGADA--TÍTULO RELACIONADO/ANALÍTICO NO CONTROLADO
Título relacionado o analítico no controlado La última alegría.
852 4# - LOCALIZACIÓN
Ubicación ES-MaACL
Número de control de estantería C-54983
Holdings
Estatus retirado Estado de pérdida Estado de daño No para préstamo Biblioteca de origen Biblioteca actual Ubicación en estantería Fecha de adquisición Fuente de adquisición Total de préstamos Signatura topográfica completa Código de barras Visto por última vez Precio de reemplazo Tipo de ítem Koha
        Biblioteca del Ateneo de Madrid Biblioteca del Ateneo de Madrid Depósito 2 17/01/2008     C-54983 1081630 23/02/2023 23/02/2023 Libro impreso